| 000 | 00929 a2200217 4500 | ||
|---|---|---|---|
| 001 | 41300 | ||
| 005 | 20260407155707.0 | ||
| 008 | 260407a1982 arg spa d | ||
| 003 | AR-UNSa-BCEJYS | ||
| 040 |
_aAR-UNSa-BCEJYS _bspa _cAR-UNSa-BCEJYS |
||
| 080 |
_a347.91 _xProcedimientos civiles particulares (Derecho Procesal Civil) |
||
| 245 | 1 | 0 | _aDerecho procesal civil |
| 020 | _a950-20-0075-7 | ||
| 264 | 1 |
_aBuenos Aires : _bAbeledo Perrot _c1982 |
|
| 300 |
_a9 v. _c23 cm. |
||
| 505 | _aVol.1: Nociones generales - Vol.2 y 3: Sujetos del proceso - Vol.4 y 5: Actos procesales - Vol.6: Procesos de conocimiento (plenarios) - Vol.7: Procesos de conocimiento (sumarios) y de ejecución - Vol.8: Procesos cautelares y voluntarios - Vol.9: Procesos arbitrales y universales ; índices generales de toda la obra. | ||
| 041 | _aspa | ||
| 942 | _cBK | ||
| 590 | _aniveau_biblio:m niveau_hierar:0 | ||
| 100 | 1 | _aPalacio, Lino Enrique | |
| 999 |
_c3445 _d3445 |
||